| 000 | 00624cam a2200217 4500500 | ||
|---|---|---|---|
| 005 | 20260405003815.0 | ||
| 041 | _afre | ||
| 042 | _adc | ||
| 100 | 1 | 0 |
_aLarmagnac-Matheron, Octave _eauthor |
| 245 | 0 | 0 | _aLe bois de l’avenir |
| 260 | _c2023. | ||
| 500 | _a29 | ||
| 690 | _aBois | ||
| 690 | _aFrançois Dagognet | ||
| 690 | _ainnovation | ||
| 690 | _aInvention | ||
| 690 | _aMatière | ||
| 690 | _aPlasticité | ||
| 786 | 0 | _nPhilosophie magazine | 175 | 12 | 2023-12-01 | p. 4-4 | 1951-1787 | |
| 856 | 4 | 1 | _uhttps://shs.cairn.info/magazine-philosophie-magazine-2023-12-1-page-4?lang=fr&redirect-ssocas=7080 |
| 999 |
_c2071003 _d2071003 |
||